000 00668nam a2200217 a 4500
999 _c988
_d988
001 988
003 BD-JhCC
005 20171012115935.0
008 171012s2006 bg |||| |||| 000 0 ben d
020 _a9848557881
035 _a(BD-JhCC) 988
040 _aBD-JhCC
_dBD-JhCC
041 _aben
082 _a306.095492
_bMUH 2006
100 _aমুহাম্মদ, আনু
245 _aউন্নয়নের রাজনীতি /
_cআনু মুহাম্মদ
260 _aঢাকা:
_bসূচীপত্র
_c২০০৬
300 _a১৩৬ পৃ.;
_c২০ সে.মে.
650 _aEconomic policy
_zBangladesh
942 _2ddc
_cBK